000 00760nam2a2200205 4500
001 RU\NLR\BIBL_A\012229222
005 20250623232654.0
035 _a(NLR Aleph) 012229222
090 _a10976239
_c10976239
100 _a20200226d2019 |||y0rusy50 ca
101 0 _arus
102 _aRU
200 1 _aЭксклюзивный лунный календарь цветовода 2020
210 _d2019
_aБ. м.
461 0 _1001RU\NLR\Per\676125
_12001#$aДомашние цветы$iСпецвыпуск$fТолока$v2019, № 4 (40)
_93656397
_cСмоленск
_d2010 -
_fТолока
_iСпецвыпуск
_n[б. и.]
_tДомашние цветы
_v2019, № 4 (40)
852 _aNLR
_jП13/1982
942 _cISSUE
980 _aNB
980 _aRUSPER